00849nam a2200193Ia 4500001001000000003000500010008004100015010001100056040000900067100002900076245027000105260003400375300001000409502008400419650002400503650005100527650002700578710005000605Para_9281CHAP220125s2007 xx 000 0 und d a208019 cCHAP aEspinosa García, Norma aValidación y simulación estadística de métodos para el muestreo de Copturus aguacatae Kissinger, Conotrachelus persea Barber y C. aguacatae; plagas del aguacate (Persea amercana Mill), en Tingüindin, Michoacán, México /c por Norma Espinosa García aChapingo, Méx. :b el autor a85 h. aTesis (M.C. Protección Vegetal) UACh. Departamento Parasitología Agrícola aAguacate x plagas  aBarrenador de la semilla o hueso del aguacate  aMuestreo estadístico aUACh. Departamento Parasitología Agrícola